000 00317nam a2200121Ia 4500
005 20251222154437.0
008 251222s9999||||xx |||||||||||||| ||spa||
082 _a868.69/V23T/1972
100 _a"Valle Inclán, Ramón Del "
245 0 _aTirano Banderas. Novela de tierra caliente
250 _a8a.ed.
942 _cLIB
999 _c36632
_d36632